000 00727nam a2200241 a 4500
001 BRL_880
005 20190320210934.0
008 231013s1946----mx-a######---#000-0#spa-#
041 _aspaeng
044 _amx
050 4 _aNA5257.M4
_b.T46 1946
245 1 0 _aTemplos coloniales de México D.F. = Colonial churches of Mexico D.F.
260 _aMéxico
_bEditorial Centauro
_c1946
300 _a77 p.
_bil.
_c17 cm.
440 0 _aMéxico, su arte y sus bellezas
_v1
_925227
500 _aAu1066
546 _aTexto en : español e inglés
650 1 4 _aArquitectura religiosa
_zMéxico
_924
650 1 4 _aIglesias
_zCiudad de México
_925228
740 0 _aColonial Churches of Mexico D.F.
902 _aGRL
942 _2lcc
_cB
999 _c9692
_d9692